• 首页
  • 本馆介绍
  • 公告通知
  • 最新文献
  • 馆藏检索
  • 电子资源
  • 读者导购
  • 参考咨询
  • 我的图书馆
  • 登录
  • 详细信息显示
  • 放入我的书架
  • 预约/预借图书
  • 作者相关作品
  • 分类相关作品
  • 丛书相关作品
  • 出版社相关作品

书目信息

  • 表格格式
  • 工作单格式
  • 卡片格式
题名:
社会动力论
    
 
作者: 徐伟新 , 刘德福 编著
分册:  
出版信息: 北京   人民出版社  1988.1
页数: 368页
开本: 19cm
丛书名: 面向现代化,面向世界,面向未来丛书
单 册:
中图分类: K02 , G303
科图分类:
主题词: 社会发展史--研究 , 科学研究--理论
电子资源:
ISBN: 7-01-000098-0
000 00968nam2 2200301 45
001 0188012949
005 20061026145436.64
010    @a7-01-000098-0@dCNY2.10
020    @aCN@b88012949
100    @a19910417d1988 em y0chiy0120 ea
101 0  @achi
102    @aCN@b110000
105    @ay z 000yy
200 10 @a社会动力论@Ashe hui dong li lun@f徐伟新,刘德福编著@Fxu wei xin , liu de fu bian zhu
210    @a北京@c人民出版社@d1988.1
215    @a368页@d19cm
225 2  @a面向现代化,面向世界,面向未来丛书
330    @a本书论述了人类认识社会发展动力的思想轨迹,逻辑地再现了五千年文明史上人类动力思想的行程。
410  0 @120010@a面向现代化,面向世界,面向未来丛书
540 1  @a社会动力论@Ashe hui dong li lun
606    @a社会发展史@x研究
606 0  @a科学研究@x理论
690    @aK02@v1980
690    @aG303@v3
701  0 @a徐伟新@Axu wei xin@4编著
701  0 @a刘德福@Aliu de fu@4编著
801  0 @aCN@bTSSF@c20061026
905    @a10447@dG303@e45:22
    
    社会动力论/徐伟新,刘德福编著.-北京:人民出版社,1988.1
    368页;19cm.-(面向现代化,面向世界,面向未来丛书)
    
    
    ISBN 7-01-000098-0:CNY2.10
    本书论述了人类认识社会发展动力的思想轨迹,逻辑地再现了五千年文明史上人类动力思想的行程。
●
相关链接 在E读中查询图书 在五车中查询图书 在当当中查询图书 在豆瓣中查询图书


正题名:社会动力论     索取号:G303/45:22         预约/预借

序号 登录号 条形码 馆藏地/架位号 状态 备注
1 0216024   002059827   第一样本阅览室/ [索取号:G303/45:22] 在馆    
唐山师范学院图书馆 欢迎您!
大连网信软件有限公司© 版权所有